| 000 | 00542nam a2200181Ia 4500 | ||
|---|---|---|---|
| 003 | GCL | ||
| 008 | 140319s9999 xx 000 0 eng d | ||
| 040 |
_aGCL / _cGCL |
||
| 082 | 0 | 4 |
_a408.2 _bA P |
| 100 | 1 | _aAZIZ ELMOULOUDI BELHAAJ | |
| 245 | 1 | 0 |
_aTHE PROCESS OF TRANSLATING : FACTORS, TASKS & CHALLENGES / _cAZIZ ELMOULOUDI BELHAAJ |
| 260 |
_aالرياض : _bUMM AL-QURA UNIVERSITY ، _c1998 |
||
| 300 |
_a20 CM ؛ _c119 P |
||
| 650 | 0 | 4 | _aLINGUISTICS |
| 650 | 0 | 4 | _aTRANSLATION |
| 650 | 0 | 4 | _aTRANSLATING AND INTERPRETING |
| 942 |
_2ddc _cBK |
||
| 999 |
_c7022 _d7022 |
||